LDR 00539nam a2200169 i 4500 001 000000228588 003 CaOOAMICUS 005 20140404000000.0 008 140404n it u000 u ger u 013 $a207490 040 $aSeMil$bita 245 10$a3. Band. 300 $a1019 p. 773 0 $tHeilige Schrift des Alten und Neuen Testamentes.$dRegensburg : Pustet, 1903.$g3$w()29663 850 $aSeMil 852 $aSeMil$W1$xVenegono$y1$m2Y V 68$j178934$B178934$CSeMilBibl$Z2$F189978 $81 996 $6245$a3. Band$9(OLS)http://semarc/title/15753